| 000 | 00477pam a2200181 a 4500 | ||
|---|---|---|---|
| 020 | _c300.00 (PB) | ||
| 041 |
_aeng _hNULL |
||
| 082 |
_a616 _bKUN |
||
| 100 | _aKUNDU, K . | ||
| 245 |
_aBEDSIDE CLINICS IN MEDICINE PART 1 / _cNULL. _hTextual Documents |
||
| 260 |
_aNULL : _bACADEMIC PUB. , _c2004. |
||
| 300 |
_a467 ; _cA4. |
||
| 365 |
_a300.00 _e5 |
||
| 907 |
_a1045 (A) _a1045 _a1046 _a1047 _a1048 |
||
| 930 | _a206 | ||
| 999 |
_c794742 _d794742 |
||
| 650 | _aGEN.MEDICINE | ||